000
00315pab a2200145 454500
008
180718b1998 xxu||||| |||| 00| 0 eng d
100
_a
Bhambhri, C.P.
245
_a
A disquieting trend
260
_c
1998
300
_a
p.13
362
_a
7 Mar
650
_a
Police
773
_a
Hindustan Times
909
_a
37506
999
_c
37506
_d
37506